banner koha

Stocking density during the initial grow-out phase of tambatinga in net pens (Registro n. 299580)

MARC details
000 -LÍDER
fixed length control field 03357nab a2200313 i 4500
003 - CÓDIGO MARC DA AGÊNCIA CATALOGADORA
Campo de controle BR-BrBNA
005 - DATA E HORA DA ÚLTIMA ATUALIZAÇÃO
Campo de controle 20240514115826.0
008 - CAMPO DE TAMANHO FIXO
fixed length control field 240514b2016 bl.mr|pooa||| 00| 0 eng |
040 ## - FONTE DA CATALOGAÇÃO
Agência catalogadora BR-BrBNA
Idioma da catalogação eng
072 ## - CATEGORIA AGRIS
Código AGRIS M12
Código do objeto 8140
100 ## - ENTRADA PRINCIPAL - NOME PESSOAL
Nome pessoal Rodrigues, Ana Paula Oeda
100 ## - ENTRADA PRINCIPAL - NOME PESSOAL
Nome pessoal Lima, Adriana Ferreira
100 ## - ENTRADA PRINCIPAL - NOME PESSOAL
Nome pessoal Maciel, Patricia Oliveira
100 ## - ENTRADA PRINCIPAL - NOME PESSOAL
Nome pessoal Santos, Patrícia Resplandes Rocha dos
100 ## - ENTRADA PRINCIPAL - NOME PESSOAL
Nome pessoal Flores, Roberto Manolio Valladão
100 ## - ENTRADA PRINCIPAL - NOME PESSOAL
Nome pessoal Silva, Adriano Prysthon da
245 ## - TÍTULO PRINCIPAL
Título principal Stocking density during the initial grow-out phase of tambatinga in net pens
500 ## - NOTA GERAL
Nota geral Publicação on-line; 32 ref.; 2 tables; Sumaries (En, Pt)
942 ## - ADDED ENTRY ELEMENTS (KOHA)
Koha item type
520 ## - NOTA DE RESUMO
Nota de conteúdo <br/>ABSTRACT - The aim of this study was to determine the most adequate stocking density for tambatinga during the initial grow-out phase in net pens, considering fish growth, health, and financial aspects. Three stocking densities (400, 500, and 600 fish m-3) ere evaluated for 60 days in a completely randomized design (n=4). There were no significant differences among the stocking densities for growth performance parameters, but yield was higher in the density of 600 fish m-3 (3,909.43±397.79kg m-3) compared to 400 fish m-3 (2,656.43±665.45kg m-3). Glucose, hematocrit, and total plasma proteins levels did not differ among treatments. The production was economically feasible for the three stocking densities. However, the density of 600 fish m-3 showed the highest profit. According to the results, 600 fish m-3 is the most adequate density for the initial grow-out phase of tambatinga in net pens.<br/><br/>Key words: ♀Colossoma macropomum x ♂Piaractus brachypomus, small-scale fish farming, growth performance, economic analysis.
520 ## - NOTA DE RESUMO
Nota de conteúdo <br/>RESUMO - O objetivo deste trabalho foi determinar a melhor densidade de estocagem para a tambatinga durante a fase de recria em tanques-rede, considerando o desempenho zootécnico, sanitário e econômico. Foram avaliadas três densidades de estocagem (400, 500 e 600 peixes m-3) durante 60 dias, em delineamento inteiramente ao acaso (n=4). Não houve diferença para os índices de desempenho analisados entre as densidades de estocagem avaliadas, com exceção da produtividade, que foi maior para a densidade de 600 peixes m-3 (3909,43±397,79kg m-3) em comparação à densidade de 400 peixes m-3 (2656,43±665,45kg m-3). Glicose plasmática, hematócrito e proteínas plasmáticas não diferiram entre os tratamentos. A produção foi economicamente viável nas três densidades de estocagem avaliadas. No entanto, a densidade de 600 peixes m-3 apresentou maior lucro em comparação às demais. A melhor densidade de estocagem para a recria da tambatinga em tanque-rede é de 600 peixes m-3.<br/><br/>Palavras-chave: ♀Colossoma macropomum x ♂Piaractus brachypomus, piscicultura familiar, desempenho, análise econômica.
650 ## - ASSUNTO - THESAGRO
Cabeçalho tópico ou nome geográfico PEIXE DE ÁGUA DOCE
650 ## - ASSUNTO - THESAGRO
Cabeçalho tópico ou nome geográfico PISICULTURA
650 ## - ASSUNTO - THESAGRO
Cabeçalho tópico ou nome geográfico ESTOCAGEM
650 ## - ASSUNTO - THESAGRO
Cabeçalho tópico ou nome geográfico ANÁLISE ECONÔMICA
773 0# - ENTRADA ANALÍTICA
Host Biblionumber 2408
Registro do item 314889
Imprenta Santa Maria-RS Universidade Federal de Santa Maria - Centro de Ciências Rurais 1991
Outro identificador 2024-1140
Título Ciência Rural (Brazil)
ISSN 0103-8478
Colação v. 46(1) p. 163-168; (2016)
Número de controle de registro BR2024000891
856 ## - ACESSO E ENDEREÇO ELETRÔNICO
Identificador uniforme de recurso - URI https://www.scielo.br/j/cr/a/jYBZpjrs434dsDx9nbdQxNH/?format=pdf&lang=en

Nenhum exemplar disponível.

BINAGRI

Telefone: (61)3218-2567/2388/3357/2097 - binagri@agro.gov.br

Ministério da Agricultura e Pecuária , Esplanada dos Ministérios, Bloco D, Anexo B, Brasília/DF, CEP: 70.043-900